Țările care încep cu litera C - Statistics

General Stats
  • This quiz has been taken 20 times
  • The average score is 9 of 17
Answer Stats
Ţară % Correct
Canada
83%
Cipru
83%
Cambodgia
67%
Camerun
67%
Columbia
67%
Costa Rica
67%
Croația
67%
Cehia
50%
China
50%
Ciad
50%
Coasta de Fildeș
50%
Capul Verde
33%
Chile
33%
Comore
33%
Cuba
33%
Coreea de Nord
17%
Coreea de Sud
17%
No matching quizzes found
Score Distribution
Percent of People with Each Score
Percentile by Number Answered
Your Score History
You have not taken this quiz